LEADER 01054nam a2200253 i 4500 001 000000160627 003 CaOOAMICUS 005 20070403000000.0 008 070403s1974 it u000 u ita u 013 $a137990 040 $aSeMil$bita 100 1 $aRousseau, Pierre.$0(OLS)http://semarc/name/42339 245 10$aDall'atomo alla stella /$cil testo di Pierre Rousseau ; A cura di Gernando Petracchi. 260 $aMessina ; Firenze :$bD'Anna,$cStampa 1974. 300 $a186 p. :$btabelle, grafici ;$c21 cm. 490 0 $aTangenti : proposte e verifiche culturali ;$v25 500 $aContiene : Bibliografia. 700 1 $aPetracchi, Gernando.$0(OLS)http://semarc/name/42340 830 0$aTangenti ;$v25.$0(OLS)http://semarc/title/10577 850 $aSeMil 852 $aSeMil$W1$xVenegono$y1$m3X II 137$j112082$B112082$CSeMilBibl$Z2$F123006 $81 961 $aOmaggio: Ghiringhelli prof. Livio 996 $6245$aDall'atomo alla stella$9(OLS)http://semarc/title/143365 996 $6260$aMessina ; Firenze :$bD'Anna$9(OLS)http://semarc/publisher/30286 LEADER 01032nam a2200253 i 4500 001 000000245033 003 CaOOAMICUS 005 20150915000000.0 008 150915s1985 it u000 u ita u 013 $a223938 040 $aSeMil$bita 100 1 $aBelotti, Giuseppe.$0(OLS)http://semarc/name/28761 245 10$aBergamo nei «Promessi Sposi» /$cGiuseppe Belotti. 260 $aBergamo :$bGrafica e Arte Bergamo,$ccopyr. 1985. 300 $a280 p. :$bill. ;$c30 cm. 500 $aFondo card. Giovanni Colombo. 650 4$aBergamo - Storia.$0(OLS)http://semarc/subject/1745 650 4$aManzoni, Alessandro <1785-1873> . Promessi sposi - Luoghi.$0(OLS)http://semarc/subject/7638 850 $aSeMil 852 $aSeMil$W1$xVenegono$y1$m3GC VIII 146$j195379$B195379$CSeMilBibl$Z2$F206058 $8B 941 1 $a3 961 $aLascito: Colombo Card. Giovanni 996 $6245$aBergamo nei «Promessi Sposi»$9(OLS)http://semarc/title/217825 996 $6260$aBergamo :$bGrafica e Arte Bergamo$9(OLS)http://semarc/publisher/39780